| 000 | 00882cam a22002652 4500 | ||
|---|---|---|---|
| 001 | 17640 | ||
| 003 | BD-RjUL | ||
| 005 | 20211209000154.0 | ||
| 008 | 140217t1952 nyua 001 0 eng | ||
| 035 | _a(BD-RjUL)17698 | ||
| 040 |
_aDLC _cOUN _dFUG _dUKM _dEQO _dBD-RjUL _beng |
||
| 041 | _aeng | ||
| 082 | 0 | 0 |
_a781.1 _bOLM 1952 |
| 100 | 1 |
_aOlson, Harry F. _q(Harry Ferdinand), _d1901-1982 _940169 |
|
| 245 | 1 | 0 |
_aMusical engineering : _ban engineering treatment of the interrelated subjects of speech, music, musical instruments, acoustics, sound reproduction, and hearing / |
| 250 | _a1st ed. | ||
| 260 |
_aNew York : _bMcGraw-Hill, _cc1952. |
||
| 300 |
_a369 p. : _billus. ; _c24 cm. |
||
| 504 | _aincludes index. | ||
| 650 | 0 |
_aMusic _xAcoustics and physics. _926320 |
|
| 650 | 0 |
_aMusical instruments. _954389 |
|
| 942 |
_2ddc _cBK |
||
| 999 |
_c17640 _d17640 |
||